La puerta abierta /

Guardado en:
Detalles Bibliográficos
Autor principal: Seresesky, Marina (realización)
Otros autores: Seresesky, Marina (guión) (guión), Fernández, Roberto (fotógrafo) (fotógrafo), Alvaro, Pan (vestuario) (vestuario), Torres, Raúl de (montaje) (montaje), Marín, Mariano (música) (música), Machi, Carmen (actuación) (actuación), Pávez, Terele (actuación) (actuación), Etxeandia, Asier (actuación) (actuación)
Formato: Audiovisual
Idioma:Español
Temas:
Etiquetas: Agrega una etiqueta
Sin etiquetas, Sé el primero en etiquetar este registro!

MARC

LEADER 00000ngm^a2200000^a^4500
001 000443981
005 20250521000000.0
009 20260310123505.819
037 |a Acervo ITESO - Biblioteca 
041 |a ESP 
082 |a Es 860.  |b SER 
100 |a Seresesky, Marina  |e (realización) 
245 1 3 |a La puerta abierta /  |c Realización de M. Seresesky. 
264 2 |a Valladolid, España :  |b Divisa [distribución],  |c 2016, c2016 
300 |a 1 DVD región 2 PAL (84 min.) :  |b color 
336 |a imagen móvil bidimensional  |b tdi  |2 rdacontenido 
337 |a video  |b v  |2 rdamedio 
338 |a videodisco  |b vd  |2 rdasoporte 
546 |a En español, con subtítulos opcionales: español 
649 |a XX 
650 |a Prostitutas en el Cine 
650 |a Marginados Sociales en el Cine 
650 |a Mujeres en el Cine 
650 |a Niños en el Cine 
650 |a Dramas Cinematográficos 
650 |a Comedias Cinematográficas 
650 |a Opera Prima 
650 |a Cine de Mujeres -  |z España 
650 |a Cine Español -  |y 2010-2019 
650 |a Cine Español -  |y Siglo XXI 
650 |a Drogadicción 
650 |a Prostitución 
650 |a Marginación 
650 |a Solidaridad 
650 |a Felicidad 
650 |a Adopción 
650 |a Relaciones Padres-Hijos 
650 |a Relaciones Familiares 
700 |a Seresesky, Marina  |e (guión) 
700 |a Fernández, Roberto  |e (fotógrafo) 
700 |a Alvaro, Pan  |e (vestuario) 
700 |a Torres, Raúl de  |e (montaje) 
700 |a Marín, Mariano  |e (música) 
700 |a Machi, Carmen  |e (actuación) 
700 |a Pávez, Terele  |e (actuación) 
700 |a Etxeandia, Asier  |e (actuación) 
910 |a Fondo General 
920 |a Audiovisuales - DVDs 
940 |a Películas 
905 |a 308 
901 |a 0500371508  |b IT2  |c DVR  |i C176315  |u 20250521 
902 |a https://opac.biblio.iteso.mx/vufind/Record/000443981